[Event "RSA-ch U10 Girls"]
[Site "Bloemfontein"]
[Date "2016.03.24"]
[Round "8"]
[White "Schoeman, Sane"]
[Black "Neels, Shannon"]
[Result "1-0"]
[WhiteElo "986"]
[BlackElo "847"]
[PlyCount "41"]
[EventDate "2016.03.20"]
[EventType "swiss"]
[EventRounds "11"]
[EventCountry "RSA"]
[SourceTitle "CBM 171 Extra"]
[Source "ChessBase"]
[SourceDate "2016.04.26"]
[SourceVersion "1"]
[SourceVersionDate "2016.04.26"]
[SourceQuality "1"]

1. c4 e5 2. Nc3 Nc6 3. g3 Nf6 4. Bg2 Bc5 5. d3 d6 6. Bg5 h6 7. Bxf6 gxf6 8. Nf3 Bg4 9. 0-0 Qd7 10. Re1 0-0-0 11. Rb1 f5 12. b4 Bxb4 13. Nd2 Bxc3 14. Qb3 Bb4 15. Bxc6 Qxc6 16. Qxb4 b6 17. d4 Bh3 18. f3 Qc5 19. Qxc5 dxc5 20. Rb2 f4 21. g4 1-0

[Event "RSA-ch U10 Girls"]
[Site "Bloemfontein"]
[Date "2016.03.20"]
[Round "1"]
[White "Ahjum, Savannah"]
[Black "Neels, Shannon"]
[Result "1-0"]
[WhiteElo "1116"]
[BlackElo "847"]
[PlyCount "37"]
[EventDate "2016.03.20"]
[EventType "swiss"]
[EventRounds "11"]
[EventCountry "RSA"]
[SourceTitle "CBM 171 Extra"]
[Source "ChessBase"]
[SourceDate "2016.04.26"]
[SourceVersion "1"]
[SourceVersionDate "2016.04.26"]
[SourceQuality "1"]

1. e4 e5 2. Nf3 Nc6 3. d4 f6 4. dxe5 fxe5 5. Nc3 Nf6 6. Bg5 Be7 7. Bc4 h6 8. Be3 a6 9. Qe2 b5 10. Bb3 b4 11. Na4 Nxe4 12. Qc4 Nd6 13. Qg4 Rh7 14. Qg6+ Kf8 15. Qxh7 Nf7 16. 0-0-0 Na5 17. Bxf7 Kxf7 18. Nxe5+ Kf8 19. Qh8# 1-0